| 000 | 01709nim a2200421 a 4500 | ||
|---|---|---|---|
| 001 | BK0010767583 | ||
| 005 | 20241220132656.0 | ||
| 007 | sd fungnnmmned | ||
| 008 | 120330s2012 ctunnnn h n eng d | ||
| 010 | _abl2012011310 | ||
| 020 |
_a9781452606842 : CMD _c$39.99 |
||
| 020 |
_a1452606846 : CMD _c$39.99 |
||
| 037 |
_bTantor Media Inc, C/O Ingram Pub Services 1 Ingram Blvd, LA Vergne, TN, USA, 37086 _nSAN 631-8630 |
||
| 040 |
_aNjBwBT _cNjBwBT |
||
| 050 | 1 | 4 |
_aDA570 _b.C37 2012b |
| 082 | 0 | 4 |
_a942.2/71 _223 |
| 092 | _a942.2710 | ||
| 092 | _a942.2 CARNARVON | ||
| 100 | 1 |
_aCarnarvon, Fiona, _cCountess of. _95909756 |
|
| 245 | 1 | 0 |
_aLady Almina and the real Downton Abbey _bthe lost legacy of Highclere Castle / _h[sound recording] : _cthe Countess of Carnarvon. |
| 260 |
_a[Old Saybrook, Conn.] : _bTantor, _cp2012. |
||
| 300 |
_a7 sound discs (8 hr.) : _bdigital ; _c4 3/4 in. |
||
| 306 | _a080000 | ||
| 500 | _aUnabridged. | ||
| 500 | _aCompact discs. | ||
| 511 | 0 | _aRead by Wanda McCaddon. | |
| 520 | _aExamines the life of Lady Almina, the fifth Countess of Carnarvon, and the events in Highclere Castle during the First World War. | ||
| 651 | 0 |
_aGreat Britain _xSocial life and customs _y20th century. _984932 |
|
| 600 | 1 | 0 |
_aCarnarvon, Almina, _cCountess of, _d1876-1969. _96238213 |
| 610 | 2 | 0 |
_aHighclere Castle. _96238214 |
| 650 | 0 |
_aNobility _zGreat Britain _vBiography. _95741331 |
|
| 650 | 0 |
_aWorld War, 1914-1918 _zGreat Britain. _994227 |
|
| 600 | 1 | 0 |
_aCarnarvon, George Edward Stanhope Molyneux Herbert, _cEarl of, _d1866-1923. _95877386 |
| 655 | 7 |
_aAudiobooks. _2lcgft _96238215 |
|
| 700 | 1 |
_aMcCaddon, Wanda. _4nrt _96238216 |
|
| 942 |
_cAUDIOBOOK _050 |
||
| 998 | _aa153267 | ||
| 999 |
_c85628 _d85628 |
||